Pokémon - Les attaques de Galegon - Statistiques

Statistiques générales
  • Ce quiz a été pris 15 fois
  • Le résultat moyen est 11 sur 17
Statistiques - réponses
Niveaux Types Noms des attaques % Correct
Départ Normal Charge
100%
Niveau 40 Normal Bélier
92%
Niveau 70 Normal Damoclès
92%
Départ Acier Griffe Acier
92%
Niveau 24 Roche Éboulement
83%
Niveau 58 Acier Mur de Fer
83%
Niveau 52 Acier Queue de Fer
75%
Niveau 28 Acier Tête de Fer
75%
Départ Roche Tomberoche
75%
Départ Normal Armure
67%
Niveau 76 Acier Fulmifer
58%
Niveau 64 Acier Tacle Lourd
50%
Niveau 20 Normal Abri
42%
Niveau 16 Normal Coup d'Boule
42%
Niveau 12 Normal Hurlement
42%
Niveau 35 Acier Strido-Son
42%
Niveau 46 Acier Allègement
33%
Aucun quiz correspondant
Distribution des résultats
% des personnes avec chaque résultat
Percentile par nombre de réponses
Votre historique - résultats
Vous n’avez pas pris ce quiz